Peculiarities of the Economic Development of Argentina
Závislosť medzi ekonomickým rastom, deficitom štátneho rozpočtu a bilanciou bežného účtu argentínskej platobnej bilancie. Vývoj vybraných ekonomických ukazovateľov Argentíny v rokoch 2000-2020.
Guardado en:
| Autor principal: | |
|---|---|
| Otros Autores: | |
| Formato: | Capítulo de libro |
| Lenguaje: | inglés |
| Materias: | |
| Etiquetas: |
Sin Etiquetas, Sea el primero en etiquetar este registro!
|
MARC
| LEADER | 00000naa$a2200000$$$4500 | ||
|---|---|---|---|
| 001 | 0280437 | ||
| 005 | 20240502083854.3 | ||
| 041 | 0 | |a eng | |
| 044 | |a UA | ||
| 245 | 1 | 0 | |a Peculiarities of the Economic Development of Argentina |c Katarína Brocková, Ľudmila Lipková |
| 520 | |a Závislosť medzi ekonomickým rastom, deficitom štátneho rozpočtu a bilanciou bežného účtu argentínskej platobnej bilancie. Vývoj vybraných ekonomických ukazovateľov Argentíny v rokoch 2000-2020. | ||
| 610 | 2 | 0 | |a vývoj hospodársky |
| 610 | 2 | 0 | |a rozpočet štátny |
| 610 | 2 | 0 | |a Argentína |
| 100 | 1 | |a Brocková, Katarína, 1976- | |
| 700 | 1 | |a Lipková, Ľudmila | |